¿EL examen final determina el éxito del alumno? (Record no. 68664)

MARC details
000 -CABECERA
campo de control de longitud fija 00546nam a2200205 a 4500
005 - FECHA Y HORA DE LA ÚLTIMA TRANSACCIÓN
campo de control 20210219153116.0
008 - ELEMENTOS DE LONGITUD FIJA--INFORMACIÓN GENERAL
campo de control de longitud fija 991125n 000 0 u
035 ## - NÚMERO DE CONTROL DEL SISTEMA
Número de control de sistema UPN01000078372
222 ## - TÍTULO CLAVE
Título clave REVISTA SEP
245 ## - MENCIÓN DE TÍTULO
Título ¿EL examen final determina el éxito del alumno?
300 ## - DESCRIPCIÓN FÍSICA
Extensión 6-9
362 ## - FECHAS DE PUBLICACIÓN Y/O DESIGNACIÓN SECUENCIAL
Fecha de publicación y/o designación secuencial 1975 Año 4, no. 19 sep.
653 0# - TERMINO DE INDIZACION - NO CONTROLADO
Término no controlado CALIFICACIONES
653 0# - TERMINO DE INDIZACION - NO CONTROLADO
Término no controlado CRITERIOS DE EVALUACION
653 0# - TERMINO DE INDIZACION - NO CONTROLADO
Término no controlado EVALUACION EDUCATIVA
653 0# - TERMINO DE INDIZACION - NO CONTROLADO
Término no controlado EXAMENES
653 0# - TERMINO DE INDIZACION - NO CONTROLADO
Término no controlado RENDIMIENTO ACADEMICO
904 ## - ELEMENTOS DE DATOS D LOCAL, LDD (RLIN)
a AC
b 016183
905 ## - TIPO DE MATERIAL
Tipo de material Articulo

No items available.